Estatuto, Regulamento Geral e Cd̤igo de Ética da OAB

Detalles Bibliográficos
Autor principal: Vieira, Hľio
Formato: Libro
Lenguaje:portugués
Publicado: Brasil LTR 2016
Materias:
Acceso en línea:Acceso restringido

MARC

LEADER 00000nam a22000007a 4500
005 20160621183914.0
007 cr|||| ||u|
008 160621s2016 bl ||||| |||| 00||0 por d
020 |a 978-85-361-8784-6 
035 |a 14134 
040 |a vLex  
090 |c 6200  |d 6200 
100 |a Vieira, Hľio 
245 |a Estatuto, Regulamento Geral e Cd̤igo de Ética da OAB  |h [Recurso electronico] /   |c Hľio Vieira  
256 |a Servicio en linea 
260 |a Brasil  |b LTR  |c 2016 
300 |a 1 recurso electronico 
506 1 |a Contenido solo disponible en los productos indicados  |d vLex Global  |d vLex Global (Academic Edition, excluding Law Schools)  |d vLex Global (U.S. Academic Edition, Law Schools)  |d vLex Global (U.S. Academic Edition, excluding Law Schools)  |d vLex Global (Academic Edition, Law Schools) 
650 0 4 |a Derecho  |z Brasil 
740 0 |a vLex libro (servicio en linea) 
856 4 0 |u http://vlex.com/source/estatuto-regulamento-geral-codigo-etica-oab-14314  |z Acceso restringido 
942 |c BOOK 
999 0 |a Law  |b Brasil